Southville International School and Colleges
Your cart is empty.
  • Cart
  • Lists
    Public lists Eva Luna New books Lux_list list_1
    Your lists Log in to create your own lists
  • Log in to your account
  • Your cookies
  • Search history
Southville International School and Colleges
  • Advanced search
  • Recent comments
  • Most popular
  • Libraries

Log in to your account

Log in with GOOGLE


If you do not have an external account, but do have a local account, you can still log in:

  1. Home
  2. MARC view: Junie B., first grader :
Normal view MARC view ISBD view

Junie B., first grader : (Record no. 34752)

[ view plain ]
MARC details
000 -LEADER
fixed length control field 01579cam a2200421 a 4500
001 - CONTROL NUMBER
control field 13016957
003 - CONTROL NUMBER IDENTIFIER
control field OSt
005 - DATE AND TIME OF LATEST TRANSACTION
control field 20140310184503.0
008 - FIXED-LENGTH DATA ELEMENTS--GENERAL INFORMATION
fixed length control field 021202s2003 nyua b 000 1 eng
010 ## - LIBRARY OF CONGRESS CONTROL NUMBER
LC control number 2002153808
020 ## - INTERNATIONAL STANDARD BOOK NUMBER
International Standard Book Number 9780439570862
040 ## - CATALOGING SOURCE
Original cataloging agency DLC
Transcribing agency DLC
Modifying agency DLC
042 ## - AUTHENTICATION CODE
Authentication code lcac
050 00 - LIBRARY OF CONGRESS CALL NUMBER
Classification number PZ 7
Item number .P2197Ju 2004
100 1# - MAIN ENTRY--PERSONAL NAME
Personal name Park, Barbara.
9 (RLIN) 6412
245 10 - TITLE STATEMENT
Title Junie B., first grader :
Remainder of title cheater pants /
Statement of responsibility, etc Barbara Park ; illustrated by Denise Brunkus.
246 30 - VARYING FORM OF TITLE
Title proper/short title Cheater pants
250 ## - EDITION STATEMENT
Edition statement 1st ed.
260 ## - PUBLICATION, DISTRIBUTION, ETC. (IMPRINT)
Place of publication, distribution, etc New York :
Name of publisher, distributor, etc Scholastics
Date of publication, distribution, etc 2004
300 ## - PHYSICAL DESCRIPTION
Extent 86 p. :
Other physical details ill. ;
Dimensions 22 cm.
490 1# - SERIES STATEMENT
Series statement The Junie B. Jones series ;
Volume number/sequential designation #21
500 ## - GENERAL NOTE
General note "A Stepping Stone Book."
520 ## - SUMMARY, ETC.
Summary, etc When her father will not let her stay up late to do her homework, first grader Junie B. copies a classmate's paper.
521 ## - TARGET AUDIENCE NOTE
Target audience note
526 ## - STUDY PROGRAM INFORMATION NOTE
Reading level 340
562 ## - COPY AND VERSION IDENTIFICATION NOTE
Number of copies 1
650 #1 - SUBJECT ADDED ENTRY--TOPICAL TERM
Topical term or geographic name as entry element Cheating
Form subdivision Fiction.
9 (RLIN) 28699
650 #1 - SUBJECT ADDED ENTRY--TOPICAL TERM
Topical term or geographic name as entry element Schools
Form subdivision Fiction.
9 (RLIN) 28700
650 #1 - SUBJECT ADDED ENTRY--TOPICAL TERM
Topical term or geographic name as entry element Humorous stories.
9 (RLIN) 3831
700 1# - ADDED ENTRY--PERSONAL NAME
Personal name Brunkus, Denise,
Relator term ill.
9 (RLIN) 28701
800 1# - SERIES ADDED ENTRY--PERSONAL NAME
Personal name Park, Barbara.
Title of a work Junie B. Jones series ;
Volume/sequential designation #21.
9 (RLIN) 28702
856 42 - ELECTRONIC LOCATION AND ACCESS
Materials specified Contributor biographical information
Uniform Resource Identifier <a href="http://www.loc.gov/catdir/bios/random054/2002153808.html">http://www.loc.gov/catdir/bios/random054/2002153808.html</a>
856 42 - ELECTRONIC LOCATION AND ACCESS
Materials specified Publisher description
Uniform Resource Identifier <a href="http://www.loc.gov/catdir/description/random0413/2002153808.html">http://www.loc.gov/catdir/description/random0413/2002153808.html</a>
906 ## - LOCAL DATA ELEMENT F, LDF (RLIN)
a 7
b cbc
c orignew
d 1
e ecip
f 20
g y-gencatlg
942 ## - ADDED ENTRY ELEMENTS (KOHA)
Source of classification or shelving scheme Library of Congress Classification
Koha item type
Holdings
Withdrawn status Lost status Source of classification or shelving scheme Damaged status Home library Current library Shelving location Date acquired Total Checkouts Full call number Barcode Date last seen Copy number Price effective from Koha item type
    Library of Congress Classification   Luxembourg Library Luxembourg Library Scholastic Reading Center Section 10/12/2013   PZ 7 .P2197Ju 2004 LEX2566 04/18/2017 1 10/12/2013 Books

Junie B., first grader :

APA

Park B., Brunkus D., . (2004). Junie B., first grader. New York: Scholastics.

Chicago

Park Barbara, Brunkus Denise, . 2004. Junie B., first grader. New York: Scholastics.

Harvard

Park B., Brunkus D., . (2004). Junie B., first grader. New York: Scholastics.

MLA

Park Barbara, Brunkus Denise, . Junie B., first grader. New York: Scholastics. 2004.

  • Place hold
  • Print
  • Cite
  • Add to your cart (remove)
  • Save record
    BIBTEX Dublin Core MARCXML MARC (non-Unicode/MARC-8) MARC (Unicode/UTF-8) MARC (Unicode/UTF-8, Standard) MODS (XML) RIS
  • More searches
    Search for this title in:
    Other Libraries (WorldCat) Other Databases (Google Scholar) Online Stores (Bookfinder.com) Open Library (openlibrary.org)

Exporting to Dublin Core...

SOUTHVILLE LIBRARY

Southville International School and Colleges Library

1281 Tropical Ave. Cor. Luxembourg St., BF Homes International, Las Pinas City

Tel. No. 8256374 / 252358 Loc. 117/146

Powered by Koha